Genetic algorithm applied to generate new rules for an expert system / (Rekord nr 75)
| 000 -ETYKIETA REKORDU | |
|---|---|
| podpole kontrolne o stałej długości | 01574naa a2200265 i 4500 |
| 001 - NUMER KONTROLNY REKORDU | |
| podpole kontrolne | BPP |
| 003 - IDENTYFIKATOR NUMERU KONTROLNEGO REKORDU | |
| podpole kontrolne | BPK |
| 005 - DATA OSTATNIEJ MODYFIKACJI REKORDU | |
| podpole kontrolne | 20180502104331.0 |
| 008 - POLE O STAŁEJ DŁUGOŚCI - DANE KONTROLNE | |
| podpole kontrolne o stałej długości | 151124s2001 pl f |100 0 eng |
| 040 ## - ŹRÓDŁO KATALOGOWANIA | |
| Instytucja, która utworzyła rekord | BPK |
| 041 ## - KOD JĘZYKA | |
| Kod języka tekstu | eng |
| 044 ## - KOD KRAJU WYDAWCY/PRODUCENTA | |
| Kod kraju wydawcy/producenta | POL |
| 080 ## - UNIWERSALNA KLASYFIKACJA DZIESIĘTNA - UKD | |
| UKD | 004.021 |
| 100 ## - NAZWA OSOBOWA | |
| Nazwa osobowa | DRABAREK, Józef. |
| Lata pracy | 1997 - . |
| Instytucja | Politechnika Koszalińska - Wydział Elektroniki, |
| Wydział | Katedra Systemów Cyfrowego Przetwarzania Sygnałów |
| 245 ## - TYTUŁ/ODPOWIEDZIALNOŚĆ | |
| Tytuł | Genetic algorithm applied to generate new rules for an expert system / |
| Pozostałe elementy strefy tytułu i oznaczenia odpowiedzialności | Józef Drabarek, Robert Wirski. |
| 260 ## - STREFA ADRESU WYDAWNICZEGO | |
| Data publikacji, dystrybucji/powstania dokumentu | 2001. |
| 500 ## - UWAGI OGÓLNE | |
| Tekst uwagi | sprawozdanie jednostki (Informator o publikowanych wynikach prac naukowo-badawczych w 2001 roku Wydziału Elektroniki). |
| 520 ## - UWAGA DOTYCZĄCA TREŚCI DOKUMENTU | |
| Analiza dokumentacyjna, adnotacja itp. | The paper presents a genetic algorithm applied to generate new rules for an expert system. The knowledge representation language adapted to genetic expert system is given. The genetic algorithm as the block diagram is given, and the heuristic fitness function as a Matlab m-file is presented and discussed. The genetic algorithm simulation results for radar set transmitter are presented. |
| 650 #0 - HASŁO PRZEDMIOTOWE W FORMIE NAZWY OGÓLNEJ LUB JEDNOSTKOWEJ | |
| Nazwa ogólna lub geograficzna | Algorytmy genetyczne. |
| 655 #0 - TERMIN INDEKSOWY - OKREŚLENIE RODZAJU/FORMY DOKUMENTU | |
| Określnie rodzaju/formy dokumentu | Materiały konferencyjne. |
| 700 ## - HASŁO DODATKOWE - NAZWA OSOBOWA | |
| Nazwa osobowa | WIRSKI, Robert. |
| Lata pracy | 1996 - . |
| Instytucja | Politechnika Koszalińska - Wydział Elektroniki, |
| Wydział | Katedra Systemów Cyfrowego Przetwarzania Sygnałów |
| 711 ## - HASŁO DODATKOWE - NAZWA IMPREZY | |
| Nazwa imprezy | International Conference on Signals and Electronic Systems ICSES'2001 |
| Data imprezy | (2001 ; |
| Miejsce imprezy | Łódź, Polska). |
| Nazwa części/sekcji dzieła | ICSES'2002 |
| 773 ## - TYTUŁ DOKUMENTU MACIERZYSTEGO | |
| Wyrażenie wprowadzające | W : |
| Tytuł | Proc.of International Conference ICSES. - |
| Adres wydawniczy | Łódź 2001. - |
| Informacje dotyczące relacji | s. 451-456 |
| 942 ## - HASŁO DODATKOWE - ELEMENTY(KOHA) | |
| Typ dokumentu | Artykuł |
| Schemat klasyfikacji | Uniwersalna klasyfikacja dziesiętna |
Brak dostępnych egzemplarzy.
